University Home | Library Home | Institutional Repository

What Islam stands For?/ (Record no. 113183)

MARC details
000 -LEADER
fixed length control field 00365cam a2200133 4500
008 - FIXED-LENGTH DATA ELEMENTS--GENERAL INFORMATION
fixed length control field 090917n 000 0 eng u
035 ## - SYSTEM CONTROL NUMBER
System control number (Sirsi) a167151
050 ## - LIBRARY OF CONGRESS CALL NUMBER
Classification number BP 53 Mau 1976
100 ## - MAIN ENTRY--PERSONAL NAME
Personal name Maudoodi, Abul Ala
245 ## - TITLE STATEMENT
Title What Islam stands For?/
Statement of responsibility, etc. Abul Ala Maudoodi
260 ## - PUBLICATION, DISTRIBUTION, ETC.
Place of publication, distribution, etc. Nairobi:
Name of publisher, distributor, etc. Islamic Foundation,
Date of publication, distribution, etc. 1976
300 ## - PHYSICAL DESCRIPTION
Extent 47p.
650 ## - SUBJECT ADDED ENTRY--TOPICAL TERM
Topical term or geographic name entry element Religion

No items available.

© 2026 - The University of Zambia Library - Koha v25.11